1535 1748 1974 1179 1597 1664 1369 1271 1882 1369 1283 1045 1243 1376 1077 1122 1354 1687 1416 1389 1078 1646 1516 1012 1661 1972 1503 1307 1962 1023 1990 1652 1015 1671 1205 1446 1111 1733 1009 1025 1126 1615 1014 1376 1604 1014 1545 1938 1005 1994 1667 1496 1531 1406 1973 1210 1428 1729 1747 1418 1504 1945 1099 1611 1489 1316 1043 1936 1039 1114 1773 1111 1149 1644 1945 1247 1496 1498 1073 1701 1713 1719 1830 1330 1997 1883 1769 1971 1834 1814 1678 1226 1252 1770 1834 1888 1489 1303 1260 BCNSPRNW ULIB Ver.6.0+V

เปลี่ยนเป็นภาษาไทย

Change to English
 แสดงรายละเอียดบรรณานุกรม
  กลับหน้าหลัก

Brief Record : Get Marc (ISO 2709) : E-mail record : QR code < ปิดหน้าต่าง
LEADER : 00000nam 2200000uu 4500
001    13399109178
003     ULIB
008    110323s2553||||th 000 0 tha d
020    9789744141323
050  4 HQ801^bก761ร 2553
100 0  เกรซ
245 10 รหัสลับ รหัสรัก =^bThe love secret /^cผู้เขียน เกรซ
246 31 The love secret
250    พิมพ์ครั้งที่ 1
260    กรุงเทพฯ :^bดีไลท์พับลิชชิ่ง,^c2553
300    133 หน้า ;^c21 ซม.
650  7 ความรัก
650  7 บุรุษ^xจิตวิทยา
650  7 สตรี^xจิตวิทยา
945    ^p120^l0^i029954
945    ^p120^l0^i029953
995    เกษร
999 ^a ใช้งานได้ทุกระบบ
รายการนี้ยังไม่มีแท็ก
คุณยังไม่ได้ล็อกอิน คุณสามารถมีกิจกรรมร่วมกับเว็บไซต์ได้ แต่ต้องล็อกอินก่อน ::
  ล็อกอิน

รายการสื่อสารสนเทศ

ลำดับที่ ประเภท เลขเรียก/บาร์โค้ด สถานที่ สถานะ
- ไม่พบข้อมูล -

รายการใกล้เคียง
    ผู้แต่ง [เกรซ]

    หัวเรื่อง [ความรัก]

BibComment


ยังไม่เคยถูกคอมเมนท์

คอมเมนท์ทรัพยากรรายการนี้
  คอมเมนท์: รหัสลับ รหัสรัก ..


 Copyright 2026. Bcnsprnw @Library